000 00678nam a2200181 i 4500
001 152288
003 ES-MaACL
005 20250804052222.0
008 931025s1883 sp |||| | spa d
100 1 _aBoëns, Hubert.
_9126140
245 1 0 _aTratamiento de la agonía /
_cHubert Boëns ; versión española por Pablo Alvarez Delgado.
260 _aMadrid :
_b[s.n.],
_c1883 (
_fM. Minuesa)
300 _a66 p. ;
_c17 cm.
650 7 _aMuerte
_2embne
_915241
700 0 _aAlvarez Delgado, Pablo.
_920794
852 _aES-MaACL
_jT-645-F-5
_z-- Enc. hol. conservando la cub. original
_z-- Enc. en un vol. facticio -- Imp. tomado de verso de la port.
999 _c152288
_d152288